[Event "CZE-chT2V 0203"]
[Site "Czech Republic"]
[Date "2003.??.??"]
[Round "2"]
[White "Moravec, Michal"]
[Black "Cervinka, Michal"]
[Result "1-0"]
[WhiteElo "2289"]
[BlackElo "2215"]
[PlyCount "61"]
[EventDate "2002.10.??"]
[EventType "team"]
[EventRounds "11"]
[EventCountry "CZE"]
[SourceTitle "EXT 2007"]
[Source "ChessBase"]
[SourceDate "2006.11.23"]
[SourceVersion "1"]
[SourceVersionDate "2006.11.23"]
[SourceQuality "1"]
[WhiteTeam "Polabiny III"]
[BlackTeam "Rychnov nad Kneznou"]
[WhiteTeamCountry "CZE"]
[BlackTeamCountry "CZE"]

1. c4 c6 2. f4 Nf6 3. Nf3 g6 4. b3 Bg7 5. Bb2 0-0 6. e3 d5 7. Be2 b6 8. 0-0 Bb7 9. Qe1 Nbd7 10. Qh4 e6 11. Qh3 c5 12. d3 a6 13. Nbd2 Qe7 14. g4 b5 15. Rae1 Rfd8 16. Rf2 Nxg4 17. Ng5 Ngf6 18. cxd5 exd5 19. Bd1 Nf8 20. Ngf3 Qe6 21. Qf1 Nh5 22. Bxg7 Nxg7 23. Ne5 f5 24. h4 Nd7 25. Ndf3 Nxe5 26. Nxe5 Kh8 27. Kh2 Rg8 28. Qh3 Raf8 29. Rg1 Rf6 30. Bf3 Ba8 31. Qg2 1-0

[Event "IECG CP.2002.P.00049 email"]
[Site "IECG email"]
[Date "2002.10.01"]
[Round "?"]
[White "Cervinka, Michal"]
[Black "Kerkvliet, Kees"]
[Result "0-1"]
[WhiteElo "1929"]
[BlackElo "1500"]
[PlyCount "98"]
[EventDate "2002.10.01"]
[EventType "tourn (corr)"]
[EventRounds "6"]
[EventCountry "SWE"]
[SourceTitle "Corr 2008"]
[Source "ChessBase"]
[SourceDate "2008.06.24"]
[SourceVersion "1"]
[SourceVersionDate "2008.06.24"]
[SourceQuality "1"]

1. Nf3 Nf6 2. c4 e6 3. g3 d5 4. Bg2 dxc4 5. Qa4+ Nbd7 6. Qxc4 a6 7. Qb3 Bd6 8. 0-0 0-0 9. d3 b5 10. Nc3 Bb7 11. Bd2 Rb8 12. Qc2 c5 13. Rac1 Rc8 14. Rfd1 Qb6 15. a3 Rfd8 16. Be3 Be7 17. h3 Nd5 18. Bd2 N7f6 19. b3 Qa7 20. Qb2 Nb6 21. Bg5 h6 22. Be3 Nfd5 23. Nxd5 Nxd5 24. Bd2 Bf6 25. Qc2 b4 26. a4 Bd4 27. e3 Bc3 28. e4 Bxd2 29. Rxd2 Nc3 30. Ne5 Rd4 31. Nc4 Rcd8 32. Re1 a5 33. Ne5 Qb8 34. f4 Qc7 35. Nf3 R4d6 36. Kh2 Ba6 37. Bf1 Qc6 38. Re3 Qb6 39. Re1 c4 40. bxc4 Bxc4 41. Kh1 Ba6 42. Ne5 f6 43. Nf3 Qc6 44. Kh2 Nxa4 45. e5 Qxc2 46. Rxc2 fxe5 47. Nxe5 b3 48. Rc7 b2 49. Rb1 Rb8 0-1

[Event "IECG TE.1999.F.00101 email"]
[Site "IECG email"]
[Date "2002.08.02"]
[Round "?"]
[White "Newton, Hobart E"]
[Black "Cervinka, Michal"]
[Result "1/2-1/2"]
[WhiteElo "1886"]
[BlackElo "1904"]
[PlyCount "167"]
[EventDate "2002.08.02"]
[EventType "tourn (corr)"]
[EventRounds "4"]
[SourceTitle "Corr 2008"]
[Source "ChessBase"]
[SourceDate "2008.06.24"]
[SourceVersion "1"]
[SourceVersionDate "2008.06.24"]
[SourceQuality "1"]

1. d4 Nf6 2. c4 g6 3. Nc3 Bg7 4. e4 d6 5. f3 0-0 6. Be3 Nc6 7. Nge2 Rb8 8. d5 Na5 9. Ng3 c5 10. Be2 a6 11. 0-0 Bd7 12. Rb1 Qc7 13. a4 b6 14. Bd3 Nb7 15. Qd2 Rfe8 16. b3 e6 17. Rfd1 e5 18. Re1 Re7 19. Bc2 Bh8 20. Bg5 Ree8 21. Rbd1 Rf8 22. Kh1 Rbd8 23. Bb1 Bc8 24. Qc1 Rde8 25. Be3 Nd7 26. Ba2 f5 27. Bh6 Rf6 28. Bg5 Rf7 29. exf5 gxf5 30. Bb1 Nf8 31. Qd2 Ng6 32. Nh5 Rff8 33. Re2 e4 34. Rf1 exf3 35. Rxf3 Ne5 36. Rg3 Ng6 37. Rxe8 Rxe8 38. Nf6+ Bxf6 39. Bxf6 Qf7 40. Bg5 Bd7 41. Rf3 Ne5 42. Rf1 Qg6 43. Bf4 Na5 44. Ba2 Bc8 45. Re1 Bd7 46. Re3 Qf6 47. Qe1 Nb7 48. Bb1 Nd8 49. Qg3+ Qg6 50. Qh4 Ndf7 51. Rg3 Ng4 52. Bd2 Qg7 53. h3 Qd4 54. Bd3 h5 55. hxg4 f4 56. Rf3 Bxg4 57. Nb5 axb5 58. Bc3 Qxc3 59. Bh7+ Kxh7 60. Rxc3 b4 61. Rc1 Kg6 62. Rf1 Kf5 63. Kh2 Re2 64. Qg3 Re4 65. Kg1 Ng5 66. Kh1 Nf7 67. Kh2 Ng5 68. Kg1 Bd1 69. Rf2 Bc2 70. Qh4 Bd1 71. Kh2 Bg4 72. Qg3 Nf7 73. Qd3 Ne5 74. Qb1 h4 75. Qc2 Bh5 76. Kg1 Ng4 77. Rd2 Ne3 78. Qb2 Re5 79. Qb1+ Re4 80. Qa1 Ng4 81. Qf1 Kg5 82. Rb2 Re3 83. Qb1 Bg6 84. Qa1 1/2-1/2

[Event "IECG TE.1999.F.00101 email"]
[Site "IECG email"]
[Date "2002.08.02"]
[Round "?"]
[White "Perez, Giorgio"]
[Black "Cervinka, Michal"]
[Result "1-0"]
[WhiteElo "1898"]
[BlackElo "1904"]
[PlyCount "87"]
[EventDate "2002.08.02"]
[EventType "tourn (corr)"]
[EventRounds "4"]
[SourceTitle "Corr 2008"]
[Source "ChessBase"]
[SourceDate "2008.06.24"]
[SourceVersion "1"]
[SourceVersionDate "2008.06.24"]
[SourceQuality "1"]

1. d4 Nf6 2. c4 g6 3. Nc3 Bg7 4. e4 d6 5. f3 0-0 6. Be3 Nc6 7. Nge2 Rb8 8. Qd2 a6 9. Bh6 Bxh6 10. Qxh6 e5 11. 0-0-0 b5 12. h4 Nxd4 13. Nxd4 exd4 14. Rxd4 Qe7 15. h5 Be6 16. hxg6 fxg6 17. Nd5 Bxd5 18. cxd5 c6 19. dxc6 Rbc8 20. Kb1 Rxc6 21. Be2 Qe5 22. Qd2 Rfc8 23. f4 Qe7 24. Bf3 Rc5 25. g4 Ne8 26. f5 g5 27. Qe3 Kh8 28. Rd2 Nf6 29. Rhd1 R8c6 30. e5 Rxe5 31. Qxg5 d5 32. Qh6 Rd6 33. Qf4 Ne4 34. Rd4 Nf2 35. Rc1 h6 36. Qd2 Nh3 37. Rxd5 Rexd5 38. Bxd5 Qe5 39. Rc8+ Kh7 40. f6 Qxf6 41. Qc2+ Qg6 42. Rc7+ Kh8 43. Be4 Qf6 44. Rc8+ 1-0

[Event "CZE-chTV 0102"]
[Site "Czech Republic"]
[Date "2002.??.??"]
[Round "3"]
[White "Cervinka, Michal"]
[Black "Sabol, Marian"]
[Result "0-1"]
[WhiteElo "2181"]
[BlackElo "2299"]
[PlyCount "96"]
[EventDate "2001.??.??"]
[EventType "team"]
[EventRounds "11"]
[EventCountry "CZE"]
[SourceTitle "EXT 2003"]
[Source "ChessBase"]
[SourceDate "2002.11.25"]
[SourceVersion "1"]
[SourceVersionDate "2002.11.25"]
[SourceQuality "1"]
[WhiteTeam "Rychnov nad Kneznou"]
[BlackTeam "Chrudim"]
[WhiteTeamCountry "CZE"]
[BlackTeamCountry "CZE"]

1. Nf3 Nf6 2. c4 c5 3. g3 Nc6 4. Bg2 d5 5. cxd5 Nxd5 6. Nc3 Nc7 7. 0-0 e5 8. d3 Be7 9. Nd2 0-0 10. Nc4 f6 11. f4 exf4 12. gxf4 Be6 13. f5 Bf7 14. Ne3 Rb8 15. Qa4 Nd4 16. Qd1 Bh5 17. Rf2 b5 18. Bd2 Bd6 19. Ne4 Qe7 20. Rc1 Rfe8 21. Bf1 Bf7 22. b3 Rbc8 23. Ng4 h5 24. Ne3 Na8 25. Ng2 Nb6 26. e3 Nc6 27. Be2 Ne5 28. Nf4 c4 29. Nxd6 Qxd6 30. d4 cxb3 31. dxe5 fxe5 32. Nxh5 Rxc1 33. Qxc1 Rc8 34. Qd1 bxa2 35. Nxg7 Kxg7 36. f6+ Kf8 37. Bg4 Rc4 38. e4 Rd4 39. Bh6+ Ke8 40. Qa1 Rxe4 41. Be2 a6 42. Bd2 Na4 43. Qf1 Qd4 44. Bxb5+ Kf8 45. Bh6+ Kg8 46. Be3 Rg4+ 47. Rg2 Qxe3+ 48. Kh1 Qe4 0-1

[Event "CZE-chT2V 0203"]
[Site "Czech Republic"]
[Date "2002.??.??"]
[Round "1"]
[White "Cervinka, Michal"]
[Black "Voracek, Miroslav"]
[Result "1-0"]
[WhiteElo "2215"]
[BlackElo "2178"]
[PlyCount "75"]
[EventDate "2002.10.??"]
[EventType "team"]
[EventRounds "11"]
[EventCountry "CZE"]
[SourceTitle "EXT 2007"]
[Source "ChessBase"]
[SourceDate "2006.11.23"]
[SourceVersion "1"]
[SourceVersionDate "2006.11.23"]
[SourceQuality "1"]
[WhiteTeam "Rychnov nad Kneznou"]
[BlackTeam "Ricany"]
[WhiteTeamCountry "CZE"]
[BlackTeamCountry "CZE"]

1. Nf3 Nf6 2. c4 g6 3. b3 Bg7 4. Bb2 0-0 5. g3 d6 6. d4 Bg4 7. Bg2 Qc8 8. Nc3 Bh3 9. 0-0 Bxg2 10. Kxg2 c6 11. e4 Nbd7 12. Re1 Ng4 13. h3 Nh6 14. Qd2 Qc7 15. Rad1 a6 16. Qc1 Qa5 17. a3 Kh8 18. e5 Ng8 19. exd6 exd6 20. d5 Qb6 21. dxc6 Qxc6 22. Nd5 Ne5 23. Nd4 Qc5 24. f4 Nc6 25. b4 Qa7 26. Nf3 Rae8 27. Bxg7+ Kxg7 28. Qc3+ f6 29. Ng5 Nd8 30. Ne4 Re6 31. Nc7 Re7 32. Nxf6 Rxf6 33. Rxe7+ Nxe7 34. Rxd6 Ng8 35. Ne8+ Kh6 36. Nxf6 Nxf6 37. Qxf6 Qe3 38. Qf8+ 1-0

[Event "IECG CP.2000.Q.00030"]
[Site "IECG email"]
[Date "2001.10.01"]
[Round "?"]
[White "Cervinka, Michal"]
[Black "Grazinys, Vidmantas"]
[Result "1-0"]
[WhiteElo "1887"]
[BlackElo "2055"]
[PlyCount "101"]
[EventDate "2001.10.01"]
[EventType "tourn (corr)"]
[EventRounds "6"]
[SourceTitle "Corr 2008"]
[Source "ChessBase"]
[SourceDate "2008.06.24"]
[SourceVersion "1"]
[SourceVersionDate "2008.06.24"]
[SourceQuality "1"]

1. g3 g6 2. Bg2 Bg7 3. Nf3 Nf6 4. 0-0 0-0 5. c4 d6 6. Nc3 e5 7. Rb1 Re8 8. d3 a5 9. a3 c6 10. b4 axb4 11. axb4 d5 12. Bg5 h6 13. Bxf6 Bxf6 14. cxd5 cxd5 15. Qd2 Bg7 16. Rfc1 d4 17. Ne4 Be6 18. Ne1 Ra2 19. Rb2 Rxb2 20. Qxb2 b6 21. Qc2 Qd7 22. Qc7 Qxc7 23. Rxc7 Na6 24. Rb7 Nxb4 25. Rxb6 Nd5 26. Rb7 Rc8 27. Nd6 Rc1 28. Kf1 Nf6 29. h3 Bf8 30. Rb8 Kg7 31. Rb6 Be7 32. Nb7 Bd5 33. Bf3 e4 34. dxe4 Bxe4 35. Bxe4 Nxe4 36. f3 Nxg3+ 37. Kg2 Nxe2 38. Nd3 Rc2 39. Rb2 Nf4+ 40. Kf1 Nxh3 41. Rxc2 Ng5 42. Ke2 Ne6 43. Rc4 h5 44. Nbc5 Nxc5 45. Nxc5 h4 46. f4 g5 47. fxg5 Bxg5 48. Rxd4 Kg6 49. Kf3 Be7 50. Nd3 Kg5 51. Nf4 1-0

[Event "IECG CP.2001.P.00058"]
[Site "IECG email"]
[Date "2001.10.01"]
[Round "?"]
[White "Cervinka, Michal"]
[Black "Wirawan, Primadi"]
[Result "1/2-1/2"]
[WhiteElo "1887"]
[BlackElo "1700"]
[PlyCount "45"]
[EventDate "2001.10.01"]
[EventType "tourn (corr)"]
[EventRounds "6"]
[SourceTitle "Corr 2008"]
[Source "ChessBase"]
[SourceDate "2008.06.24"]
[SourceVersion "1"]
[SourceVersionDate "2008.06.24"]
[SourceQuality "1"]

1. c4 e5 2. Nc3 Nf6 3. Nf3 Nc6 4. g3 g6 5. Bg2 Bg7 6. 0-0 0-0 7. d3 d6 8. Rb1 Nh5 9. b4 f5 10. Nd5 f4 11. b5 Ne7 12. Nd2 a6 13. b6 c6 14. Nc7 Rb8 15. Ne4 Bf5 16. Qb3 Nc8 17. a4 Kh8 18. a5 Qd7 19. Bb2 h6 20. Rfd1 Bh3 21. Bh1 Nf6 22. Nxf6 Bxf6 23. d4 1/2-1/2

[Event "IECG CP.2001.P.00058"]
[Site "IECG email"]
[Date "2001.10.01"]
[Round "?"]
[White "McGrath, Tom"]
[Black "Cervinka, Michal"]
[Result "0-1"]
[WhiteElo "1420"]
[BlackElo "1887"]
[PlyCount "84"]
[EventDate "2001.10.01"]
[EventType "tourn (corr)"]
[EventRounds "6"]
[SourceTitle "Corr 2008"]
[Source "ChessBase"]
[SourceDate "2008.06.24"]
[SourceVersion "1"]
[SourceVersionDate "2008.06.24"]
[SourceQuality "1"]

1. e4 c6 2. Nc3 d5 3. Nf3 Bg4 4. d4 e6 5. Bd3 Nf6 6. h3 Bh5 7. Bg5 dxe4 8. Nxe4 Be7 9. Bxf6 Bxf6 10. c3 0-0 11. 0-0 Nd7 12. Re1 Bg6 13. Qb3 Bxe4 14. Bxe4 Qc7 15. Rad1 Rfd8 16. Qc2 h6 17. Qb3 Rab8 18. a4 a5 19. Qc2 b5 20. Bh7+ Kh8 21. axb5 cxb5 22. Bd3 b4 23. c4 Nf8 24. Be4 b3 25. Qc3 Nd7 26. Rc1 a4 27. Ra1 Rbc8 28. Rxa4 Nc5 29. Rb4 Qf4 30. g3 Qd6 31. Ne5 Bxe5 32. dxc5 Bxc3 33. cxd6 Bxb4 34. Re3 Rxc4 35. Bb7 Bxd6 36. Rxb3 Rb8 37. Rb5 Rc5 38. Rb6 Bxg3 39. fxg3 Rc7 40. Kf2 Rbxb7 41. Rxb7 Rxb7 42. b4 Rxb4 0-1